00599nam a2200193Ia 4500003000900000008004100009040001300050040001300063041000800076100001900084245014900103250001200252260001400264260000900278300001000287490004700297490000600344600005500350IT-RoPAU120407s9999 xx 000 0 und d aIT-RoPAU cIT-RoPAU aita aOscar Cullmann a"Il mistero della Redenzione nella storia. Tit. orig.: Heil als Geschichte. Trad. G. Conte. Testo intr. all’ed. Italiana di G. Jossa. 2a. ed." aBologna aIl Mulino c1971 c21 cm aCollana di studi religiosi. L. 5000 v1 a1. Redenzione I - Conte Gino II - Jossa Giorgio.